Kadra Liverpoolu w LM 2019/2020 - Statystyki

Ogólne statystyki
  • Ten quiz został rozwiązany 156 razy
  • Średni wynik to 17 z 22
Statystyki odpowiedzi
pozycja # kraj piłkarz % Poprawnych
N 11 EGY Mohamed Salah
99%
N 10 SEN Sadio Mane
99%
B 1 BRA Alisson
97%
N 9 BRA Roberto Firmino
97%
O 4 NED Virgil Van Dijk
96%
O 66 ENG Trent Alexander Arnold
93%
O 26 SCO Andrew Robertson
90%
trener - GER Jurgen Klopp
90%
N 27 BEL Divock Origi
89%
P 14 ENG Jordan Henderson
88%
O 6 CRO Dejan Lovren
81%
P 7 ENG James Milner
81%
P 3 BRA Fabinho
80%
O 12 ENG Joe Gomez
80%
O 32 CMR Joel Matip
80%
P 8 GUI Naby Keita
79%
P 5 NED Georginio Wijnaldum
78%
P 23 SUI Xherdan Shaqiri
75%
B 13 ESP Adrian
72%
P 15 ENG Alex Oxlade Chamberlain
41%
P 20 ENG Adam Lallana
36%
P 67 ENG Harvey Elliott
21%
Nie znaleziono quizów pasujących do podanych kryteriów
Rozkład punktacji
Procent ludzi z każdym wynikiem
Percentyl według liczby udzielonych odpowiedzi
Twoja historia wyników
Nie rozwiązałeś tego quizu